000 00635nam a2200229Ia 4500
003 OSt
005 20220923220925.0
006 a|||||r|||| 00| 0
007 ta
008 220922b |||||||| |||| 00| 0 hin d
024 _a192,262
037 _cTextual
040 _aARTS
_cARTS
_bhin
041 _2hin
_ahin
082 _aT:3:P15, 152J0
100 _aगौरीशंकर
_9156277
245 0 _aसंस्कृत शिक्षा विघि
246 _aSanskṛut shikṣhā vighi
260 _c1970
942 _hT:3:P15, 152J0
_cTEXL
_2CC
999 _c344884
_d344884